[Event "London Classic Women's Invitational"]
[Site "London ENG"]
[Date "2011.12.09"]
[Round "7"]
[White "Steil-Antoni, Fiona"]
[Black "Vovk, Oksana"]
[Result "1-0"]
[WhiteTitle "WIM"]
[BlackTitle "WIM"]
[WhiteElo "2104"]
[BlackElo "2213"]
[WhiteFideId "4001249"]
[BlackFideId "1404695"]
[EventDate "2011.12.03"]

1. e4 e6 2. Nf3 d5 3. e5 c5 4. b4 b6 5. c3 f6 6. d4 cxb4 7. Bd3 Nc6 8. O-O bxc3
9. Nxc3 Bb4 10. Qb3 Nge7 11. exf6 gxf6 12. Bf4 Bd6 13. Bh6 Kf7 14. Rfe1 Nb4 15.
Bf1 Ba6 16. Nb5 Bxb5 17. Bxb5 a6 18. Qe3 Nf5 19. Qxe6+ Kg6 20. Bd7 Nxh6 21. Qxd6
Nc2 22. Ne5+ Kg7 23. Nc6 Nf5 24. Qe6 Ncxd4 25. Nxd8 Nxe6 26. Nxe6+ Kf7 27. Nd8+
Raxd8 28. Bxf5 d4 29. Rac1 Rhe8 30. Rxe8 Rxe8 31. Rc7+ Kf8 32. Rc8 Rxc8 33. Bxc8
a5 34. Kf1 Ke7 35. Ke2 Kd6 36. Kd3 Kc5 37. h4 b5 38. h5 h6 39. g4 Kd5 40. f4 b4
41. Bb7+ Kc5 42. g5 fxg5 43. fxg5 a4 44. gxh6 a3 45. h7 b3 46. h8=Q b2 47. Qxd4+
Kb5 48. Kc2 b1=Q+ 49. Kxb1 Ka5 50. Qc5+ 1-0

[Event "London Classic Women's Invitational"]
[Site "London ENG"]
[Date "2011.12.09"]
[Round "7"]
[White "Lauterbach, Ingrid"]
[Black "Daulyte, Deimante"]
[Result "0-1"]
[WhiteTitle "WIM"]
[BlackTitle "WGM"]
[WhiteElo "2075"]
[BlackElo "2238"]
[WhiteFideId "405221"]
[BlackFideId "12802859"]
[EventDate "2011.12.03"]

1. e4 e5 2. Nf3 Nc6 3. Bb5 a6 4. Bxc6 dxc6 5. O-O Qd6 6. Na3 Be6 7. Qe2 f6 8.
Rd1 c5 9. c3 Bg4 10. Nc4 Qe6 11. Ne3 Bh5 12. d4 exd4 13. Nd5 O-O-O 14. Nf4 Bxf3
15. Qxf3 Qf7 16. Qh3+ Qd7 17. Qxd7+ Rxd7 18. cxd4 cxd4 19. Ne6 Bd6 20. Rxd4 g5
21. Be3 Re7 22. Nxg5 fxg5 23. Bxg5 Rg7 24. Bh4 Rg4 25. g3 Nh6 26. Rc1 Kb8 27. h3
Rg6 28. Kf1 Re8 29. f4 c5 30. Ra4 b5 31. Rxa6 Kb7 32. Ra5 Kb6 33. Ra3 Rxe4 34.
Bd8+ Kb7 35. Rf3 Nf5 36. g4 Nd4 37. Rf2 Rh6 38. h4 Ne6 39. Rd1 Kc6 40. Rfd2
Rxf4+ 41. Ke1 Nxd8 0-1

[Event "London Classic Women's Invitational"]
[Site "London ENG"]
[Date "2011.12.09"]
[Round "7"]
[White "Lalic, Susan K"]
[Black "Ciuksyte, Dagne"]
[Result "0-1"]
[WhiteTitle "IM"]
[BlackTitle "IM"]
[WhiteElo "2279"]
[BlackElo "2327"]
[WhiteFideId "401510"]
[BlackFideId "12800619"]
[EventDate "2011.12.03"]

1. e4 c5 2. Nc3 e6 3. g3 Nc6 4. Bg2 g6 5. d3 Bg7 6. Nge2 Nge7 7. Bg5 h6 8. Be3
Nd4 9. Qd2 O-O 10. O-O Kh7 11. Rab1 d6 12. b4 Rb8 13. bxc5 dxc5 14. Nb5 Nec6 15.
c3 Nxe2+ 16. Qxe2 Qe7 17. Rfd1 a6 18. Na3 Bxc3 19. e5 Bd7 20. Be4 Bxe5 21. Bxc6
Bxc6 22. Bxh6 Bxg3 23. hxg3 Kxh6 24. d4 Qf6 25. Nc4 Qf3 26. Qxf3 Bxf3 27. Rd2
Kg7 28. Ne5 Bd5 29. dxc5 Rh8 30. Rxd5 exd5 31. Nd7 Rbe8 32. Rxb7 Re1+ 33. Kg2 d4
34. c6 d3 35. Rb2 Rd1 36. Kf3 Re8 37. Nb6 Rc1 38. Nd5 Rxc6 39. Rd2 Rd6 40. Rxd3
Re5 0-1

[Event "London Classic Women's Invitational"]
[Site "London ENG"]
[Date "2011.12.09"]
[Round "7"]
[White "Srebrnic, Ana"]
[Black "Mirzoeva, Elmira"]
[Result "1-0"]
[WhiteTitle "WGM"]
[BlackTitle "WGM"]
[WhiteElo "2219"]
[BlackElo "2244"]
[WhiteFideId "14603314"]
[BlackFideId "4127951"]
[EventDate "2011.12.03"]

1. Nf3 d5 2. d4 Nf6 3. c4 c6 4. Nc3 e6 5. Bg5 h6 6. Bxf6 Qxf6 7. e3 g6 8. Rc1
Nd7 9. cxd5 exd5 10. Bd3 Bg7 11. O-O Qd6 12. a3 a5 13. Na4 O-O 14. Nc5 b6 15.
Na4 Rb8 16. Qc2 Bb7 17. Rfd1 Rfc8 18. Qd2 Bf6 19. Nc3 Bg7 20. e4 dxe4 21. Nxe4
Qe7 22. Re1 Nf6 23. Nxf6+ Qxf6 24. Ne5 Rd8 25. Bc4 c5 26. Bxf7+ Kf8 27. Ba2 Bd5
28. Bb1 Bf7 29. Rc3 Rxd4 30. Qxd4 cxd4 31. Nd7+ Kg8 32. Nxf6+ Bxf6 33. Rc6 Kg7
34. Bd3 Rb7 35. Rec1 Bg5 36. Rc7 Rb8 37. Re1 Kf8 38. g3 Bf6 39. Rec1 Re8 40. Rc8
Bd8 41. Bb5 Ke7 42. Bxe8 Kxe8 43. Rxd8+ Kxd8 44. Rd1 Ke7 45. Rxd4 b5 46. f4 a4
47. Kf2 Kf6 48. Kf3 Ke7 49. Ke4 Kf6 50. Rd6+ Ke7 51. Rb6 Bc4 52. Ke5 1-0

[Event "London Classic Women's Invitational"]
[Site "London ENG"]
[Date "2011.12.09"]
[Round "7"]
[White "Grigoryan, Meri"]
[Black "Nakhbayeva, Guliskhan"]
[Result "0-1"]
[WhiteTitle "WFM"]
[BlackTitle "WIM"]
[WhiteElo "2026"]
[BlackElo "2227"]
[WhiteFideId "13300571"]
[BlackFideId "13704788"]
[EventDate "2011.12.03"]

1. d4 Nf6 2. Nf3 e6 3. e3 b6 4. Bd3 Bb7 5. O-O Be7 6. c4 O-O 7. Nc3 d5 8. cxd5
exd5 9. Ne5 c5 10. Re1 a6 11. Ne2 Nc6 12. Ng3 Re8 13. Nh5 Nxe5 14. dxe5 Nxh5 15.
Qxh5 g6 16. Qg4 c4 17. Bc2 Bb4 18. Rd1 Rxe5 19. b3 Bc3 20. Rb1 h5 21. Qf3 Qe7
22. e4 Bb4 23. bxc4 dxe4 24. Qh3 Bc5 25. Be3 Bc6 26. Qg3 a5 27. Rd2 a4 28. Rbd1
Kh7 29. Bf4 Re6 30. Bg5 f6 31. Be3 Bb4 32. Rd4 Bc3 33. Rd6 Be5 34. Rxe6 Qxe6 35.
Bf4 Bxf4 36. Qxf4 Qxc4 37. Bb1 Qe2 38. Rc1 Bb5 0-1

[Event "London Classic Women's Invitational"]
[Site "London ENG"]
[Date "2011.12.10"]
[Round "8"]
[White "Vovk, Oksana"]
[Black "Nakhbayeva, Guliskhan"]
[Result "0-1"]
[WhiteTitle "WIM"]
[BlackTitle "WIM"]
[WhiteElo "2213"]
[BlackElo "2227"]
[WhiteFideId "1404695"]
[BlackFideId "13704788"]
[EventDate "2011.12.03"]

1. d4 Nf6 2. Nf3 e6 3. e3 b6 4. Bd3 Bb7 5. c4 d5 6. cxd5 exd5 7. Nc3 Bd6 8. O-O
O-O 9. b3 a6 10. Bb2 Nbd7 11. Rc1 Qe7 12. Qe2 Ne4 13. Ne1 Rfe8 14. Nd1 c5 15.
Nf3 h6 16. dxc5 bxc5 17. Re1 Ndf6 18. h3 Qd7 19. Qf1 Bc6 20. Nc3 Qb7 21. Be2
Reb8 22. Red1 a5 23. Nxe4 Nxe4 24. Nd2 Nxd2 25. Rxd2 a4 26. bxa4 Rxa4 27. a3 Qe7
28. Bf3 Rxb2 29. Rxb2 Qe5 30. Qd1 Qxb2 31. Rb1 Qe5 32. Qb3 Rxa3 33. Qb6 Ra1 34.
g3 Bc7 35. Qxc6 Rxb1+ 36. Kg2 Rb2 0-1

[Event "London Classic Women's Invitational"]
[Site "London ENG"]
[Date "2011.12.10"]
[Round "8"]
[White "Mirzoeva, Elmira"]
[Black "Grigoryan, Meri"]
[Result "1-0"]
[WhiteTitle "WGM"]
[BlackTitle "WFM"]
[WhiteElo "2244"]
[BlackElo "2026"]
[WhiteFideId "4127951"]
[BlackFideId "13300571"]
[EventDate "2011.12.03"]

1. d4 d5 2. Nf3 c6 3. Bf4 Nf6 4. e3 Qb6 5. Qc1 Bf5 6. Nbd2 e6 7. Be2 c5 8. O-O
Nc6 9. dxc5 Bxc5 10. Nb3 Be7 11. a4 a6 12. a5 Qd8 13. Nfd4 Nxd4 14. exd4 Rc8 15.
c3 O-O 16. Qe3 Ne4 17. Rfe1 Bh4 18. g3 Be7 19. g4 g5 20. Be5 Bg6 21. f3 f6 22.
Bg3 Nxg3 23. hxg3 Rc6 24. Nc5 Bxc5 25. dxc5 Qc7 26. Kg2 Rxc5 27. Qxe6+ Bf7 28.
Qxf6 Bg6 29. Qe6+ Kg7 30. Qe3 h6 31. Bd3 Bxd3 32. Qxd3 Rf6 33. Re8 Qf7 34. Rae1
Rc7 35. Qd4 Kg6 36. R1e3 Rd7 37. Qd3+ Kg7 38. Qe2 Kg6 39. R8e7 Rxe7 40. Rxe7 Qf8
41. Qd3+ 1-0

[Event "London Classic Women's Invitational"]
[Site "London ENG"]
[Date "2011.12.10"]
[Round "8"]
[White "Daulyte, Deimante"]
[Black "Lalic, Susan K"]
[Result "1/2-1/2"]
[WhiteTitle "WGM"]
[BlackTitle "IM"]
[WhiteElo "2238"]
[BlackElo "2279"]
[WhiteFideId "12802859"]
[BlackFideId "401510"]
[EventDate "2011.12.03"]

1. e4 e6 2. d4 d5 3. Nd2 c5 4. exd5 Qxd5 5. dxc5 Qxc5 6. Ngf3 Nf6 7. Bd3 Be7 8.
O-O O-O 9. Qe2 Nbd7 10. Ne4 Nxe4 11. Qxe4 Qh5 12. Bg5 Bxg5 13. Nxg5 Nf6 14. Qf4
Bd7 15. c4 Bc6 16. Rae1 Rad8 17. Re3 h6 18. Ne4 Nxe4 19. Bxe4 Bxe4 20. Qxe4 Rd7
21. Rb3 Rd1 22. Rd3 Rxd3 23. Qxd3 Qa5 24. Qb3 b6 25. Rd1 Rc8 26. h3 Qc5 27. Qc2
b5 28. b3 bxc4 29. bxc4 g6 30. Qc3 e5 31. Rd7 a5 32. Rd1 1/2-1/2

[Event "London Classic Women's Invitational"]
[Site "London ENG"]
[Date "2011.12.11"]
[Round "9"]
[White "Lalic, Susan K"]
[Black "Steil-Antoni, Fiona"]
[Result "1/2-1/2"]
[WhiteTitle "IM"]
[BlackTitle "WIM"]
[WhiteElo "2279"]
[BlackElo "2104"]
[WhiteFideId "401510"]
[BlackFideId "4001249"]
[EventDate "2011.12.03"]

1. e4 e6 2. d4 d5 3. Nc3 dxe4 4. Nxe4 Bd7 5. Nf3 Bc6 6. Bd3 Nd7 7. Qe2 Ngf6 8.
Nxf6+ Nxf6 9. Bb5 Qd7 10. Bxc6 Qxc6 11. O-O Be7 12. c4 Qe4 13. Qd1 O-O 14. Re1
Qc6 15. b3 Rad8 16. Bb2 Qa6 17. Qc2 Rfe8 18. Re2 Nd7 19. d5 Bf6 20. dxe6 Rxe6
21. Rxe6 Qxe6 22. Re1 Qa6 23. Bxf6 Nxf6 24. h3 h6 1/2-1/2

[Event "London Classic Women's Invitational"]
[Site "London ENG"]
[Date "2011.12.11"]
[Round "9"]
[White "Srebrnic, Ana"]
[Black "Daulyte, Deimante"]
[Result "0-1"]
[WhiteTitle "WGM"]
[BlackTitle "WGM"]
[WhiteElo "2219"]
[BlackElo "2238"]
[WhiteFideId "14603314"]
[BlackFideId "12802859"]
[EventDate "2011.12.03"]

1. Nf3 Nf6 2. c4 g6 3. Nc3 d5 4. Qa4+ Nc6 5. cxd5 Nxd5 6. Ne5 Qd6 7. Nxc6 Qxc6
8. Qd4 Nf6 9. e4 Qd7 10. Qc4 e5 11. Be2 Bg7 12. O-O O-O 13. d3 Qe7 14. Be3 b6
15. h3 c5 16. Qb3 Rd8 17. a3 Qf8 18. Bg5 h6 19. Be3 g5 20. Qc2 Be6 21. Rab1 Rac8
22. Rfc1 Rd7 23. b4 cxb4 24. axb4 Ne8 25. Qb2 Nd6 26. b5 Rdc7 27. Nd1 Rxc1 28.
Rxc1 Rxc1 29. Bxc1 Qe8 30. Nc3 Bf8 31. Be3 Bg7 32. Qb4 Qd7 33. Bd1 Nb7 34. Bc2
Bf8 35. Qb2 Bc5 36. Na4 Bd4 37. Qb4 Qc7 38. Qb1 Nd6 39. Bxd4 exd4 40. Bb3 Bxb3
41. Qxb3 Qc1+ 42. Kh2 Qf4+ 43. Kg1 Qe5 44. Qb4 Nxb5 45. Qc4 Nc7 46. Qc6 Kg7 47.
g3 Ne6 48. Nb2 b5 49. Qa6 Qc5 50. Kg2 Qb4 51. Qa1 Qc3 52. Qb1 a5 53. Nd1 Qd2 0-1

[Event "London Classic Women's Invitational"]
[Site "London ENG"]
[Date "2011.12.11"]
[Round "9"]
[White "Grigoryan, Meri"]
[Black "Ciuksyte, Dagne"]
[Result "0-1"]
[WhiteTitle "WFM"]
[BlackTitle "IM"]
[WhiteElo "2026"]
[BlackElo "2327"]
[WhiteFideId "13300571"]
[BlackFideId "12800619"]
[EventDate "2011.12.03"]

1. d4 Nf6 2. Nf3 e6 3. Bg5 h6 4. Bh4 c5 5. c3 b6 6. Nbd2 Bb7 7. Qc2 Be7 8. e4
O-O 9. Be2 cxd4 10. Nxd4 d6 11. O-O Nbd7 12. f4 a6 13. Rad1 Qc7 14. Bf3 Rfe8 15.
Rfe1 Rac8 16. Bg3 e5 17. Nf5 Bf8 18. Ne3 exf4 19. Bxf4 Ne5 20. Bxe5 dxe5 21. Nf5
Rcd8 22. Nf1 Rxd1 23. Rxd1 Rd8 24. Rxd8 Qxd8 25. Qd2 Bc5+ 26. Kh1 Qa8 27. b4 Bf8
28. Qf2 Nxe4 29. Qxb6 g6 30. Nh4 Bd5 31. c4 Bxc4 32. Nxg6 Bxf1 33. Nxf8 Kxf8 34.
Qxh6+ Kg8 35. Qe3 f5 36. Qb3+ Kg7 37. Qe6 Qf8 38. Bxe4 fxe4 39. Qxe5+ Qf6 40.
Qxe4 Be2 41. h3 Qa1+ 42. Kh2 Qxa2 43. Qe7+ Kg6 44. Qe8+ Kf5 45. Qf8+ Ke4 46.
Qe7+ Kd3 47. Qd6+ Kc3 48. Qc5+ Qc4 49. Qe3+ Kxb4 50. Qb6+ Ka4 51. Qe3 a5 52. g4
Qd3 53. Qb6 Bf1 54. Qc6+ Kb3 55. Qb6+ Kc2 56. Qc5+ Kd1 57. Qh5 Qe2+ 58. Kg3 Qe3+ 0-1